[Event "IECG CP.2002.P.00049 email"]
[Site "IECG email"]
[Date "2002.10.01"]
[Round "?"]
[White "Kerkvliet, Kees"]
[Black "Taffijn, Aadrian"]
[Result "1-0"]
[WhiteElo "1500"]
[BlackElo "2045"]
[PlyCount "79"]
[EventDate "2002.10.01"]
[EventType "tourn (corr)"]
[EventRounds "6"]
[EventCountry "SWE"]
[SourceTitle "Corr 2008"]
[Source "ChessBase"]
[SourceDate "2008.06.24"]
[SourceVersion "1"]
[SourceVersionDate "2008.06.24"]
[SourceQuality "1"]

1. d4 Nf6 2. c4 g6 3. Nc3 Bg7 4. Nf3 d5 5. cxd5 Nxd5 6. e4 Nxc3 7. bxc3 c5 8. Rb1 0-0 9. Be2 cxd4 10. cxd4 Qa5+ 11. Bd2 Qxa2 12. 0-0 Bg4 13. Bg5 h6 14. Be3 e6 15. Qd3 Qa4 16. Rxb7 Nc6 17. d5 Bxf3 18. Bxf3 Ne5 19. Bd1 Qb4 20. Qa6 Qxe4 21. dxe6 fxe6 22. Rc7 Qf5 23. Bb3 Rfe8 24. h3 Rab8 25. Qxa7 Nf7 26. Bc2 Qf6 27. Rd1 Ra8 28. Qb7 Ra1 29. Bc1 Rd8 30. Rf1 Rf8 31. Qe4 Nd6 32. Qxg6 Qxg6 33. Bxg6 Bd4 34. Bh7+ Kh8 35. Bd3 e5 36. Rh7+ Kg8 37. Rxh6 Rxf2 38. Rg6+ Kh8 39. Rxd6 Rxc1 40. Rxc1 1-0